| 000 | 00682nam a2200229 a 4500 | ||
|---|---|---|---|
| 005 | 20140414093842.0 | ||
| 008 | 081128s19uu xx 00 eng d | ||
| 050 |
_aDVD 940 _bAUS 2005 |
||
| 100 | _aRees, Laurence | ||
| 245 |
_aAuschwitz : _cLaurence Rees. _bthe Nazis and the final solution / |
||
| 260 |
_bBBC Worldwide, _cc2005. |
||
| 300 | _a1 DVD, | ||
| 440 | _aBBC History of the World War II | ||
| 500 | _a"2 Titles in each DVD" | ||
| 520 | _aContents: Surprising beginnings--Orders and initiatives. | ||
| 650 | _aWorld War II. | ||
| 650 | _aDocumentary films. | ||
| 650 | _aNazis. | ||
| 650 | _aInternational Baccalaureate. | ||
| 942 | _cAVM | ||
| 999 |
_c109367 _d109367 |
||